| 000 | 00443nam a2200133Ia 4500 | ||
|---|---|---|---|
| 008 | 260210s9999 xx 000 0 und d | ||
| 024 | _a17B-116-SE, 17B-118-SE, 17B-126-SE & 17B-133-SE | ||
| 082 | _a004.8072 ARS | ||
| 100 | _aArsalan Ahmed, Hamza Baig, Usama Iqbal & Abdul Basit | ||
| 245 | 0 | _aContact Tracing App | |
| 260 |
_aKarachi: _bUITU, _c2017 |
||
| 600 | _aSoftware Engineering | ||
| 650 | _aBachelor of Computer Science (BS) | ||
| 999 |
_c33460 _d33460 |
||